000 02006nam a2200433Ia 4500
003 GCL
005 20240530095709.0
008 140319s9999 xx 000 0 ara d
020 _a9776048366
040 _aGCL /
_cGCL
082 0 4 _a723.3
_bق/م م
100 1 _aمحمد عبدالستار عثمان
245 1 0 _aموسوعة العمارة الفاطمية :
_bالكتاب الاول - العمارة الفاطمية الحربية - المدنية - الدينية \ الكتاب الثانى - عمارة المشاهد والقباب فى العصر الفاطمى /
_cمحمد عبدالستار عثمان
250 _aط1
260 _aالقاهرة :
_bدار القاهرة ،
_c2006
300 _a2 مج ؛
_c24 سم
490 _aموسوعة العمارة الفاطمية
_v0
650 0 4 _aشواهد القبور
650 0 4 _aالاضرحة
650 0 4 _aالقاهرة - احياء وضواحى
650 0 4 _aالفن الاسلامى - تاريخ - العصر الفاطمى
650 0 4 _aالقاهرة - المقابر
650 0 4 _aالقاهرة - قصور
650 0 4 _aالعمارة الاسلامية - العصر الفاطمى
650 0 4 _aالعمارة الاسلامية - تاريخ
650 0 4 _aالعمارة الاسلامية - افريقيا
650 0 4 _aالقاهرة - الاثار الاسلامية - العصر الفاطمى
650 0 4 _aالقاهرة - الاسوار والبوابات
650 0 4 _aالفسطاط - العمارة الاسلامية
650 0 4 _aالقاهرة - مساجد
650 0 4 _aالجامع الازهر - عمارة
650 0 4 _aجامع الحاكم - عمارة
650 0 4 _aالجامع الاقمر - عمارة
650 0 4 _aمسجد الصالح طلائع بن رزيك - عمارة
650 0 4 _aاسوان - المقابر
650 0 4 _aاسوان - الاثار الاسلامية
650 0 4 _aاسوان - العمارة الاسلامية
942 _2ddc
_cBK
999 _c9654
_d9654